| 000 | 00770nam a2200205 i 4500 | ||
|---|---|---|---|
| 001 | 187521 | ||
| 003 | ES-MaACL | ||
| 005 | 20230906222941.0 | ||
| 008 | 171024s1907 fr |||| | fre d | ||
| 245 | 0 | 2 |
_aL'enseignement de l'histoire / _cpar Ch. Seignobos, Ch.-V. Langlois, L. Gallouédec... [et al.]. |
| 260 |
_aParis : _bMusée Pédagogique, _c1907. |
||
| 300 |
_a185 p. ; _c20 cm. |
||
| 490 | 1 |
_aPublications du Musée Pédagogique ; _vNouvelle série 12 |
|
| 650 | 4 |
_aHistoria- _xEnseñanza- _zFrancia. _9163756 |
|
| 700 | 1 |
_aSeignobos, Charles ( _d1854-1942) _9105259 |
|
| 710 | 2 |
_aMusée Pédagogique (Paris) _9163741 |
|
| 830 | 0 |
_aPublications du Musée Pédagogique ; _vNouvelle série 12 _9192794 |
|
| 852 |
_aES-MaACL _jF-5980(1) |
||
| 999 |
_c187521 _d187521 |
||